| 000 | 00655nam a2200253Ia 4500 | ||
|---|---|---|---|
| 008 | 170711s9999 xx 000 0 und d | ||
| 020 | _a9780809094738 | ||
| 050 | _a302.24 | ||
| 050 | _bSu958 2009 | ||
| 100 | _aSunstein, Cass R. | ||
| 245 | _aOn rumors : | ||
| 245 | _bhow falsehoods spread, why we believe them, what can be done / | ||
| 245 | _cby Cass R. Sunstein. | ||
| 250 | _aFirst edition. | ||
| 260 | _aNew York : | ||
| 260 | _bFarrar, Straus and Giroux, | ||
| 260 | _c2009 | ||
| 300 | _a100 pages : | ||
| 300 | _billustrations ; | ||
| 300 | _c20cm. | ||
| 650 | _aRumor. | ||
| 650 | _aSocial psychology. | ||
| 700 | _aTitle. | ||
| 999 |
_c340025 _d340025 |
||